Tiêu chí xây dựng cánh đồng mẫu lớn

Nội dung sách giới thiệu các quyết định, chỉ thị của Chính phủ, các hướng dẫn, thông tư về xây dựng cánh đồng mẫu lớn.

Guardat en:
Dades bibliogràfiques
Format: Llibre
Idioma:Undetermined
Publicat: Thành phố Hồ Chí Minh Nông nghiệp 2011
Matèries:
Etiquetes: Afegir etiqueta
Sense etiquetes, Sigues el primer a etiquetar aquest registre!
Thư viện lưu trữ: Trung tâm Học liệu Trường Đại học Cần Thơ
LEADER 00817nam a2200193Ia 4500
001 CTU_228081
008 210402s9999 xx 000 0 und d
082 |a 633.18 
082 |b T309 
245 0 |a Tiêu chí xây dựng cánh đồng mẫu lớn 
245 0 |c Phạm Văn Dư, Lê Thanh Tùng (biên soạn) 
260 |a Thành phố Hồ Chí Minh 
260 |b Nông nghiệp 
260 |c 2011 
520 |a Nội dung sách giới thiệu các quyết định, chỉ thị của Chính phủ, các hướng dẫn, thông tư về xây dựng cánh đồng mẫu lớn. 
650 |a Nông nghiệp,Agriculture 
650 |x Khía cạnh kinh tế,Economic aspects 
910 |b dqhieu 
980 |a Trung tâm Học liệu Trường Đại học Cần Thơ